<?xml version="1.0" encoding="UTF-8"?><marc:collection xmlns:marc="http://www.loc.gov/MARC21/slim">
  <marc:record>
    <marc:leader>00000nam##2200000za#4500</marc:leader>
    <marc:controlfield tag="001">9.614883</marc:controlfield>
    <marc:controlfield tag="003">CaOODSP</marc:controlfield>
    <marc:controlfield tag="005">20200327134557</marc:controlfield>
    <marc:controlfield tag="007">ta</marc:controlfield>
    <marc:controlfield tag="008">150406|1999||||xxc|||||     f|0| 0 eng|d</marc:controlfield>
    <marc:datafield tag="022" ind1=" " ind2=" ">
      <marc:subfield code="a">0706-6457</marc:subfield>
    </marc:datafield>
    <marc:datafield tag="040" ind1=" " ind2=" ">
      <marc:subfield code="a">CaOODSP</marc:subfield>
      <marc:subfield code="b">eng</marc:subfield>
    </marc:datafield>
    <marc:datafield tag="043" ind1=" " ind2=" ">
      <marc:subfield code="a">n-cn---</marc:subfield>
    </marc:datafield>
    <marc:datafield tag="086" ind1="1" ind2=" ">
      <marc:subfield code="a">Fs97-6/2268E</marc:subfield>
    </marc:datafield>
    <marc:datafield tag="110" ind1="1" ind2=" ">
      <marc:subfield code="a">Canada. </marc:subfield>
      <marc:subfield code="b">Department of Fisheries and Oceans.</marc:subfield>
    </marc:datafield>
    <marc:datafield tag="245" ind1="1" ind2="2">
      <marc:subfield code="a">A preliminary assessment of risks for the ballast water-mediated introduction of nonindigenous marine organisms in the Estuary and Gulf of St. Lawrence / </marc:subfield>
      <marc:subfield code="c">by Michel Harvey et al. </marc:subfield>
    </marc:datafield>
    <marc:datafield tag="260" ind1=" " ind2=" ">
      <marc:subfield code="a">Mont-Joli - Quebec : </marc:subfield>
      <marc:subfield code="b">Fisheries and Oceans Canada </marc:subfield>
      <marc:subfield code="c">1999.</marc:subfield>
    </marc:datafield>
    <marc:datafield tag="300" ind1=" " ind2=" ">
      <marc:subfield code="a">x, 56p. : </marc:subfield>
      <marc:subfield code="b">maps, references, tables ; </marc:subfield>
      <marc:subfield code="c">28 cm.</marc:subfield>
    </marc:datafield>
    <marc:datafield tag="490" ind1="1" ind2=" ">
      <marc:subfield code="a">Canadian technical report of fisheries and aquatic sciences</marc:subfield>
      <marc:subfield code="x">0706-6457</marc:subfield>
      <marc:subfield code="v">2268</marc:subfield>
    </marc:datafield>
    <marc:datafield tag="500" ind1=" " ind2=" ">
      <marc:subfield code="a">"Risks for the introduction of nonindigenous marine species into the Estuary and Gulf of St. Lawrence (EGSL) by foreign commercial shipping activities were evaluated by conducting three different surveys to characterize 1) the vessel traffic of foreign origin in the EGSL, 2) ballasting operations of foreign vessels entering ports of the EGSL, and 3) the biodiversity and species richness of protistan and meta-zoan taxa found in ballast water and sediment of incoming foreign vessels."--Page ix. Prepared at the Regional Oceans Branch, Maurice Lamontagne Institute, P.O. Box 1000, 850 route de la Mer, Mont-Joli (Québec) G5H 3Z4.</marc:subfield>
    </marc:datafield>
    <marc:datafield tag="520" ind1="3" ind2=" ">
      <marc:subfield code="a">Risks for the introduction of nonindigenous marine species into the Estuary and Gulf of St. Lawrence (EGSL) by foreign commercial shipping activities were evaluated by conducting three different surveys to characterize 1) the vessel traffic of foreign origin in the EGSL, 2) ballasting operations of foreign vessels entering ports of the EGSL, and 3) the biodiversity and species richness of protistan and meta-zoan taxa found in ballast water and sediment of incoming foreign vessels.--Page ix</marc:subfield>
    </marc:datafield>
    <marc:datafield tag="546" ind1=" " ind2=" ">
      <marc:subfield code="a">Résumé en français</marc:subfield>
    </marc:datafield>
    <marc:datafield tag="563" ind1=" " ind2=" ">
      <marc:subfield code="a">Softcover</marc:subfield>
    </marc:datafield>
    <marc:datafield tag="590" ind1=" " ind2=" ">
      <marc:subfield code="a">99-29</marc:subfield>
      <marc:subfield code="b">1999-07-23</marc:subfield>
    </marc:datafield>
    <marc:datafield tag="690" ind1="0" ind2="7">
      <marc:subfield code="a">Biological diversity</marc:subfield>
      <marc:subfield code="2">gcpds</marc:subfield>
    </marc:datafield>
    <marc:datafield tag="690" ind1="0" ind2="7">
      <marc:subfield code="a">Fish</marc:subfield>
      <marc:subfield code="2">gcpds</marc:subfield>
    </marc:datafield>
    <marc:datafield tag="720" ind1="1" ind2=" ">
      <marc:subfield code="a">Harvey, Michel</marc:subfield>
    </marc:datafield>
    <marc:datafield tag="776" ind1="0" ind2="#">
      <marc:subfield code="t">A preliminary assessment of risks for the ballast water-mediated introduction of nonindigenous marine organisms in the Estuary and Gulf of St. Lawrence / </marc:subfield>
      <marc:subfield code="w">(CaOODSP)9.574015</marc:subfield>
    </marc:datafield>
    <marc:datafield tag="830" ind1="#" ind2="0">
      <marc:subfield code="a">Canadian technical report of fisheries and aquatic sciences,</marc:subfield>
      <marc:subfield code="x">0706-6457</marc:subfield>
      <marc:subfield code="v">2268</marc:subfield>
      <marc:subfield code="w">(CaOODSP)9.514691</marc:subfield>
    </marc:datafield>
  </marc:record>
</marc:collection>
